| Tag |
First Indicator |
Second Indicator |
Subfields |
| LEADER |
00000cam a2200000 a 4500 |
| 001 |
in00001139655 |
| 005 |
20151001051748.0 |
| 008 |
921112s1993 caua b 001 0 eng |
| 010 |
|
|
|a 92041629
|
| 020 |
|
|
|a 0127300309 (acid-free paper)
|
| 035 |
|
|
|a (OCoLC)27109635
|
| 035 |
|
|
|9 AGC5740AM
|
| 040 |
|
|
|a DLC
|c DLC
|d AGL
|d TXA
|d UtOrBLW
|
| 049 |
|
|
|a TXAM
|
| 050 |
0 |
0 |
|a SB945.S3
|b S29 1993
|
| 070 |
0 |
|
|a SB945.S3S29
|b 1993
|
| 072 |
|
0 |
|a F821
|a L001
|
| 082 |
0 |
0 |
|a 632/.79
|2 20
|
| 245 |
0 |
0 |
|a Sawfly life history adaptations to woody plants /
|c edited by Michael R. Wagner, Kenneth F. Raffa.
|
| 264 |
|
1 |
|a San Diego :
|b Academic Press,
|c [1993]
|
| 264 |
|
4 |
|c ©1993
|
| 300 |
|
|
|a xx, 581 pages :
|b illustrations ;
|c 24 cm.
|
| 336 |
|
|
|a text
|b txt
|2 rdacontent
|
| 337 |
|
|
|a unmediated
|b n
|2 rdamedia
|
| 338 |
|
|
|a volume
|b nc
|2 rdacarrier
|
| 504 |
|
|
|a Includes bibliographical references and indexes.
|
| 650 |
|
0 |
|a Sawflies
|x Adaptation.
|
| 650 |
|
0 |
|a Sawflies
|x Host plants.
|
| 650 |
|
0 |
|a Insect-plant relationships.
|
| 650 |
|
0 |
|a Sawflies
|x Ecology.
|
| 700 |
1 |
|
|a Wagner, Michael R.
|
| 700 |
1 |
|
|a Raffa, Kenneth F.
|
| 999 |
|
|
|a MARS
|
| 999 |
f |
f |
|s 02715da9-815d-312b-8310-66187af0e60b
|i faf7fdc4-0998-3642-85d1-f5943d4bb73c
|t 0
|
| 952 |
f |
f |
|p ric
|a Texas A&M University
|b Rellis Campus
|c Joint Library Facility
|d Remote Storage
|t 0
|e SB945.S3 S29 1993
|h Library of Congress classification
|i unmediated -- volume
|m A14817621539
|
| 998 |
f |
f |
|a SB945.S3 S29 1993
|t 0
|l Remote Storage
|